ABBA Albums - Statistics

General Stats
  • This quiz has been taken 35 times
  • The average score is 8 of 9
Answer Stats
Answer % Correct
ABBA
97%
The Visitors
97%
Arrival
93%
Voyage
90%
Waterloo
90%
Super Trouper
87%
Ring Ring
83%
The Album
73%
Voulez-Vous
53%
No matching quizzes found
Score Distribution
Percent of People with Each Score
Percentile by Number Answered
Your Score History
You have not taken this quiz